Denis Villeneuve Movies - Statistics

General Stats
  • This quiz has been taken 22 times
  • The average score is 8 of 11
Answer Stats
Hint Answer % Correct
2021 Dune
100%
2024 Dune 2
100%
2016 Arrival
95%
2017 Blade Runner 2049
86%
2010 Incendies
81%
2013 Prisoners
81%
2015 Sicario
76%
2013 Enemy
62%
2009 Polytechnique
52%
2000 Maelström
29%
1998 August 32nd on Earth
24%
No matching quizzes found
Score Distribution
Percent of People with Each Score
Percentile by Number Answered
Your Score History
You have not taken this quiz